कमलपत्र (Record no. 431670)

MARC details
000 -LEADER
fixed length control field 00397nam a2200145Ia 4500
008 - FIXED-LENGTH DATA ELEMENTS--GENERAL INFORMATION
fixed length control field 100122s9999 xx 000 0 und d
082 ## - DEWEY DECIMAL CLASSIFICATION NUMBER
Item number 54916
Classification number 823.08
100 ## - MAIN ENTRY--PERSONAL NAME
Personal name पै शिरीष
245 ## - TITLE STATEMENT
Title कमलपत्र
260 ## - PUBLICATION, DISTRIBUTION, ETC. (IMPRINT)
Name of publisher, distributor, etc मनोरमा प्रकाशन
Date of publication, distribution, etc 1998
300 ## - PHYSICAL DESCRIPTION
Extent 190
630 ## - SUBJECT ADDED ENTRY--UNIFORM TITLE
Uniform title कमलपत्र
730 ## - ADDED ENTRY--UNIFORM TITLE
Uniform title कमलपत्र
942 ## - ADDED ENTRY ELEMENTS (KOHA)
Koha item type Book
Holdings
Withdrawn status Lost status Damaged status Not for loan Home library Current library Date acquired Cost, normal purchase price Total Checkouts Full call number Barcode Date last seen Cost, replacement price Price effective from Koha item type Public note
        S.V. Pathak Library, Vile Parle S.V. Pathak Library, Vile Parle 07/29/1998 125.00   54916 SVPPARLE-54916 01/25/2010 125.00 01/25/2010 Book General NA